000 01195njm a22002657a 4500
005 20100901115333.0
006 a|||||r|||||00| 0
007 sd ammalaaahaa
008 100901t xxu||||| |||| 00| 0 eng d
028 _aN 54036
_bHis Master Voice
035 _aGR-01006
040 _aSED
_cSED
100 _aBhosle, Asha
_917891
245 _aSahib Bibi Aur Ghulam /
_cby Asha Bhosle ; lyrices by Shakeel Badayuni ; Musices by Hemant Kumar
_h[Sound recording]
246 _aसाहिब बीबी और घुलाम / आशा भोसले
260 _aDUM DUM, India
_bHis Master Voice
300 _a1 Sound disc [Gramophone Recording] :
_banalog, 33 1/3 rpm
_c9.5 in. (MP)
_fGramophone Record
500 _aBrief record
505 _aSide-1 भंवरा बड़ा नादान ( Bhnvra bada nadan ) --Side-2 मेरी बात सही मेरे (meri bat shi mere)(Asha Bhosle)
650 _aClassical music
_xExcerpts
_zIndia
_917892
700 _aKumar, Hemant
_918579
700 _aBadayuni, Shakeel
_918692
942 _2ddc
_cGR
999 _c44161
_d44161